Debates iusfilosóficos (Registro nro. 172057)
[ vista simple ]
| 000 -LEADER | |
|---|---|
| fixed length control field | 01645nam a22002777a 4500 |
| 007 - PHYSICAL DESCRIPTION FIXED FIELD--GENERAL INFORMATION | |
| fixed length control field | cr|||| |||| |
| 008 - FIXED-LENGTH DATA ELEMENTS--GENERAL INFORMATION | |
| fixed length control field | 220824s2021 pe |||||s|||| 00||0 spa d |
| 020 ## - INTERNATIONAL STANDARD BOOK NUMBER | |
| International Standard Book Number | 9786123252298 |
| 035 ## - | |
| -- | 36956 |
| 040 ## - CATALOGING SOURCE | |
| Original cataloging agency | vLex |
| 090 ## - | |
| -- | 13821 |
| -- | 13821 |
| 100 1# - MAIN ENTRY--PERSONAL NAME | |
| Personal name | García Amado, Juan Antonio |
| 245 10 - TITLE STATEMENT | |
| Title | Debates iusfilosóficos |
| Medium | [Recurso electrónico] : |
| Remainder of title | Sobre ponderación, positivismo jurídico y objetivismo moral / |
| Statement of responsibility, etc | Juan Antonio García Amado, Manuel Atienza |
| 256 ## - | |
| -- | Servicio en línea |
| 260 ## - PUBLICATION, DISTRIBUTION, ETC. (IMPRINT) | |
| Place of publication, distribution, etc | Lima: |
| Name of publisher, distributor, etc | Palestra Editores, |
| Date of publication, distribution, etc | 2021 |
| 300 ## - PHYSICAL DESCRIPTION | |
| Extent | 1 recurso electrónico |
| 500 ## - GENERAL NOTE | |
| General note | El presente volumen reúne algunos breves textos en los que los dos autores se aventuran a un debate académico en torno a tres temas de particular relevancia para la filosofía del derecho: la ponderación, el positivismo jurídico y el objetivismo moral. El resultado de este intercambio no solo nos deja a conocer los principales argumentos de cada uno de los expositores, sino un ejemplo de la centralidad y importancia de la argumentación jurídica para dejar claros los consensos y disensos. |
| 506 1# - RESTRICTIONS ON ACCESS NOTE | |
| Terms governing access | Disponible solo en los productos indicados |
| Authorized users | vLex Global |
| -- | vLex Global (Academic Edition, excluding Law Schools) |
| -- | vLex Global (U.S. Academic Edition, Law Schools) |
| -- | vLex Global (U.S. Academic Edition, excluding Law Schools) |
| -- | vLex Global (Academic Edition, Law Schools) |
| 650 04 - SUBJECT ADDED ENTRY--TOPICAL TERM | |
| Topical term or geographic name as entry element | Derecho Militar |
| Geographic subdivision | Perú |
| 650 04 - SUBJECT ADDED ENTRY--TOPICAL TERM | |
| Topical term or geographic name as entry element | Filosofía y religión |
| Geographic subdivision | Perú |
| 700 1# - ADDED ENTRY--PERSONAL NAME | |
| Personal name | Atienza, Manuel |
| 740 0# - | |
| -- | vLex Libros (Servicio en línea) |
| 856 40 - LOCALIZACIÓN Y ACCESO ELECTRÓNICO | |
| Identificador Uniforme del Recurso (URI/URL) | https://app.vlex.com/#/sources/36956 |
| 942 ## - | |
| -- | RAA |
| 999 ## - | |
| -- | 172057 |
| -- | 172057 |
No hay ítems disponibles.